[Event "BCF-chT2 2324 (4NCL)"]
[Site "England"]
[Date "2024.02.10"]
[Round "5.55"]
[White "Freeman, Gordon"]
[Black "Shearsby, Jude"]
[Result "1/2-1/2"]
[WhiteElo "2076"]
[BlackElo "2107"]
[PlyCount "97"]
[EventDate "2023.11.11"]
[EventType "team-tourn"]
[EventRounds "11"]
[EventCountry "ENG"]
[SourceTitle "CB11_2024"]
[SourceDate "2024.03.13"]
[SourceVersion "1"]
[SourceVersionDate "2024.03.13"]
[SourceQuality "1"]
[WhiteTeam "Gonzaga"]
[BlackTeam "Warwicks Select"]
[WhiteTeamCountry "ENG"]
[BlackTeamCountry "ENG"]

1. d4 Nf6 2. Nf3 g6 3. g3 Bg7 4. Bg2 0-0 5. 0-0 d6 6. b3 Nbd7 7. Bb2 c5 8. c4 cxd4 9. Nxd4 Nc5 10. Nc3 Rb8 11. Rc1 Bd7 12. e3 a6 13. Qe2 e5 14. Nc2 b5 15. cxb5 axb5 16. Nb4 Qa5 17. Nc6 Bxc6 18. Bxc6 b4 19. Na4 Nxa4 20. Bxa4 Ne4 21. Rfd1 Rfc8 22. Bc6 Nc5 23. Bd5 Rc7 24. h4 Ra7 25. h5 Qb5 26. Bc4 Qd7 27. hxg6 hxg6 28. Ba1 Ne4 29. Qd3 Qf5 30. Rc2 Qh5 31. Qe2 Qxe2 32. Bxe2 Bf8 33. Kg2 Nc5 34. Bf3 Rb6 35. Bd5 Be7 36. Rh1 Rba6 37. g4 Rxa2 38. Rxc5 Rxa1 39. Rc8+ Kg7 40. Rxa1 Rxa1 41. Rc7 Kf8 42. Rb7 Rd1 43. e4 Rd4 44. f3 Rd2+ 45. Kf1 Rd4 46. Ke2 f5 47. Rb8+ Kg7 48. Rb7 Kf8 49. Rb8+ 1/2-1/2

[Event "BCF-chT 2223 (4NCL)"]
[Site "England"]
[Date "2023.05.01"]
[Round "11.6"]
[White "Hunt, Harriet"]
[Black "Freeman, Gordon"]
[Result "1-0"]
[WhiteElo "2359"]
[BlackElo "2102"]
[PlyCount "71"]
[EventDate "2022.10.22"]
[EventType "team-swiss"]
[EventRounds "11"]
[EventCountry "ENG"]
[SourceTitle "EXT 2024"]
[Source "ChessBase"]
[SourceDate "2023.10.10"]
[SourceVersion "1"]
[SourceVersionDate "2023.10.10"]
[SourceQuality "1"]
[WhiteTeam "Wood Green Youth"]
[BlackTeam "Gonzaga"]
[WhiteTeamCountry "ENG"]
[BlackTeamCountry "ENG"]

1. e4 c5 2. Nc3 e6 3. Nf3 a6 4. d4 cxd4 5. Nxd4 Qc7 6. Bd3 Nc6 7. Nxc6 dxc6 8. 0-0 e5 9. f4 Bc5+ 10. Kh1 Nf6 11. f5 h5 12. Qf3 Ng4 13. a4 a5 14. Bg5 f6 15. Bd2 Bd7 16. Nd1 0-0-0 17. Rb1 g6 18. fxg6 Rdg8 19. b4 axb4 20. Bxb4 Bxb4 21. Rxb4 Qa5 22. c3 c5 23. Rb2 Rxg6 24. Bc4 Qxa4 25. Bd5 Rh7 26. Bxb7+ Kc7 27. Bd5 Rhg7 28. Ra2 Qb5 29. c4 Qb4 30. Nc3 Nxh2 31. Kxh2 Rg3 32. Qxf6 Qxc3 33. Ra7+ Kc8 34. Ra8+ Kc7 35. Qd8+ Kd6 36. Rf6# 1-0

[Event "BCF-chT 2122 (4NCL)"]
[Site "England"]
[Date "2022.02.12"]
[Round "3.77"]
[White "Miller, Dominic"]
[Black "Freeman, Gordon"]
[Result "1/2-1/2"]
[WhiteElo "2130"]
[BlackElo "2092"]
[PlyCount "126"]
[EventDate "2021.11.27"]
[EventType "team-swiss"]
[EventRounds "11"]
[EventCountry "ENG"]
[SourceTitle "EXT 2023"]
[Source "ChessBase"]
[SourceDate "2022.10.05"]
[SourceVersion "1"]
[SourceVersionDate "2022.10.05"]
[SourceQuality "1"]
[WhiteTeam "Sussex Martlets"]
[BlackTeam "Gonzaga"]
[WhiteTeamCountry "ENG"]
[BlackTeamCountry "ENG"]

1. e4 c5 2. Nf3 d6 3. d4 cxd4 4. Nxd4 Nf6 5. Nc3 e6 6. g4 h6 7. Rg1 Nc6 8. h4 d5 9. exd5 Nxd5 10. Nxd5 Qxd5 11. Bg2 Qe5+ 12. Be3 Bd7 13. Nxc6 Bxc6 14. Bxc6+ bxc6 15. Qd4 Qxd4 16. Bxd4 Rg8 17. h5 Be7 18. Rd1 0-0-0 19. Ke2 a6 20. c4 g6 21. hxg6 Rxg6 22. f3 f5 23. gxf5 Rxg1 24. Bxg1 Rxd1 25. Kxd1 exf5 26. Bh2 Kd7 27. Ke2 h5 28. Kf2 Ke6 29. Kg2 Bf6 30. b4 Bc3 31. Kh3 Be1 32. Bg3 Bxb4 33. Kh4 Bd2 34. Kxh5 f4 35. Bh2 Kf5 36. Kh6 Be3 37. Kh5 Bf2 38. Kh6 Bd4 39. Kh5 Bf2 40. Kh6 c5 41. Kh5 a5 42. Kh6 a4 43. Kh5 a3 44. Kh6 Be3 45. Kh5 Ke5 46. Kg4 Kd4 47. Bxf4 Bxf4 48. Kxf4 Kxc4 49. Ke4 Kc3 50. f4 c4 51. f5 Kb2 52. f6 c3 53. f7 c2 54. f8Q c1Q 55. Qf2+ Ka1 56. Kd3 Qb1+ 57. Qc2 Qb5+ 58. Kd2 Qb2 59. Kd3 Kxa2 60. Kd2 Ka1 61. Kd3 Qb5+ 62. Kd2 Qb4+ 63. Kd3 Qd6+ 1/2-1/2

[Event "EU-Cup 35th"]
[Site "Ulcinj"]
[Date "2019.11.11"]
[Round "2.19"]
[White "Freeman, Gordon"]
[Black "Kantorik, Marian"]
[Result "1-0"]
[WhiteElo "2083"]
[BlackElo "2181"]
[PlyCount "81"]
[EventDate "2019.11.10"]
[EventType "team-swiss"]
[EventRounds "7"]
[EventCountry "MNE"]
[SourceTitle "CBM 193 Extra"]
[Source "ChessBase"]
[SourceDate "2020.01.31"]
[SourceVersion "1"]
[SourceVersionDate "2020.01.31"]
[SourceQuality "1"]
[WhiteTeam "Gonzaga"]
[BlackTeam "Dunajov Inbest"]
[WhiteTeamCountry "IRL"]
[BlackTeamCountry "SVK"]

1. d4 Nf6 2. Nf3 e6 3. g3 b6 4. Bg2 Bb7 5. 0-0 Be7 6. c4 0-0 7. Nc3 d5 8. cxd5 exd5 9. Bf4 Nh5 10. Rc1 Nxf4 11. gxf4 Nd7 12. Ne5 Nxe5 13. fxe5 c6 14. f4 f6 15. Qd3 Qe8 16. e4 fxe5 17. exd5 exd4 18. dxc6 Ba6 19. Qxa6 dxc3 20. Rxc3 Rc8 21. Qxa7 Bc5+ 22. Kh1 Rxc6 23. b4 Rg6 24. bxc5 Qe2 25. Rg3 Rxg3 26. hxg3 Qh5+ 27. Kg1 Qxc5+ 28. Kh2 Rd8 29. Rg1 Rd2 30. Qb8+ Kf7 31. Qe5 Qxe5 32. fxe5 Rxa2 33. Re1 g5 34. Kg1 Ke7 35. Re3 h5 36. Bd5 Rd2 37. Bb3 b5 38. e6 g4 39. Rc3 Rb2 40. Rc7+ Kd8 41. e7+ 1-0

[Event "Dublin St Andrews op-A"]
[Site "Dublin"]
[Date "2019.09.21"]
[Round "2"]
[White "Freeman, Gordon"]
[Black "Carroll, Peter"]
[Result "1-0"]
[WhiteElo "2113"]
[BlackElo "2100"]
[PlyCount "38"]
[EventDate "2019.09.20"]
[EventType "swiss"]
[EventRounds "5"]
[EventCountry "IRL"]
[SourceTitle "EXT 2020"]
[Source "ChessBase"]
[SourceDate "2019.10.17"]
[SourceVersion "1"]
[SourceVersionDate "2019.10.17"]
[SourceQuality "1"]

1. Nf3 Nf6 2. b3 a5 3. Bb2 a4 4. bxa4 d5 5. e3 Bf5 6. c4 e6 7. Nc3 Nbd7 8. cxd5 exd5 9. Be2 c6 10. 0-0 Bd6 11. Nd4 Bg6 12. f4 Qc7 13. Rc1 Qb6 14. Qb3 Qa7 15. Ncb5 cxb5 16. Nxb5 Qb8 17. Rc8+ Qxc8 18. Nxd6+ Ke7 19. Nxc8+ Rhxc8 1-0

[Event "IRL-chT"]
[Site "Dublin"]
[Date "2019.04.05"]
[Round "1.1"]
[White "Armstrong, Fred"]
[Black "Freeman, Gordon"]
[Result "0-1"]
[WhiteElo "1835"]
[BlackElo "2103"]
[PlyCount "46"]
[EventDate "2019.04.05"]
[EventType "team-swiss"]
[EventRounds "5"]
[EventCountry "IRL"]
[SourceTitle "CBM 189 Extra"]
[Source "ChessBase"]
[SourceDate "2019.06.03"]
[SourceVersion "1"]
[SourceVersionDate "2019.06.03"]
[SourceQuality "1"]
[WhiteTeam "Elm Mount"]
[BlackTeam "Gonzaga"]
[WhiteTeamCountry "IRL"]
[BlackTeamCountry "IRL"]

1. d4 d5 2. Bf4 Nf6 3. Nc3 c6 4. Nf3 Bf5 5. e3 e6 6. Bd3 Bd6 7. Bg3 Bg4 8. 0-0 Bxg3 9. hxg3 Nbd7 10. Be2 0-0 11. Kh2 Re8 12. Rh1 Qb6 13. Rb1 e5 14. Nxe5 Nxe5 15. dxe5 Bxe2 16. Nxe2 Rxe5 17. Kg1 Rxe3 18. fxe3 Qxe3+ 19. Kf1 Ne4 20. Qe1 Nd2+ 21. Qxd2 Qxd2 22. Kf2 Re8 23. Rhe1 Qxc2 0-1

[Event "BCF-chT2b 1819 (4NCL)"]
[Site "England"]
[Date "2019.03.16"]
[Round "7.66"]
[White "Freeman, Gordon"]
[Black "Stanisz, Patryk"]
[Result "1/2-1/2"]
[WhiteElo "2104"]
[BlackElo "2146"]
[PlyCount "99"]
[EventDate "2018.11.10"]
[EventType "team-tourn"]
[EventRounds "11"]
[EventCountry "ENG"]
[SourceTitle "EXT 2021"]
[Source "ChessBase"]
[SourceDate "2020.10.23"]
[SourceVersion "1"]
[SourceVersionDate "2020.10.23"]
[SourceQuality "1"]
[WhiteTeam "Gonzaga"]
[BlackTeam "Cambridge University"]
[WhiteTeamCountry "ENG"]
[BlackTeamCountry "ENG"]

1. d4 f5 2. Nc3 d5 3. Bf4 Nf6 4. h3 e6 5. e3 a6 6. a3 c5 7. Nf3 Nc6 8. g4 cxd4 9. exd4 Bd6 10. Qd2 Ne4 11. Nxe4 Bxf4 12. Nf6+ Qxf6 13. Qxf4 fxg4 14. Qxf6 gxf6 15. hxg4 e5 16. dxe5 Bxg4 17. Nh2 Nxe5 18. Nxg4 Nxg4 19. Bd3 h6 20. Bf5 Ne5 21. 0-0-0 Rd8 22. f4 Nc6 23. Rhe1+ Kf8 24. Re6 Kf7 25. Rde1 h5 26. c3 d4 27. cxd4 Rxd4 28. R6e4 Rxe4 29. Bxe4 Rd8 30. Rh1 Rh8 31. Rh4 Rh6 32. Kd2 a5 33. Ke3 Nd8 34. f5 Nc6 35. Bxc6 bxc6 36. Kd4 Ke7 37. Kc5 Kd7 38. Rd4+ Kc7 39. Rd6 h4 40. Rxc6+ Kb7 41. Re6 h3 42. Re7+ Kc8 43. Re1 Rh5 44. Kc6 Kd8 45. Rh1 a4 46. Kd6 Ke8 47. Ke6 Rh6 48. Rc1 Kf8 49. Rc8+ Kg7 50. Rc7+ 1/2-1/2

[Event "BCF-chT2b 1819 (4NCL)"]
[Site "England"]
[Date "2019.01.13"]
[Round "4.63"]
[White "Freeman, Gordon"]
[Black "Kalaiyalahan, Akshaya"]
[Result "1/2-1/2"]
[WhiteElo "2121"]
[BlackElo "2216"]
[PlyCount "54"]
[EventDate "2018.11.10"]
[EventType "team-tourn"]
[EventRounds "11"]
[EventCountry "ENG"]
[SourceTitle "EXT 2021"]
[Source "ChessBase"]
[SourceDate "2020.10.23"]
[SourceVersion "1"]
[SourceVersionDate "2020.10.23"]
[SourceQuality "1"]
[WhiteTeam "Gonzaga"]
[BlackTeam "Guildford III"]
[WhiteTeamCountry "ENG"]
[BlackTeamCountry "ENG"]

1. d4 Nf6 2. Nf3 g6 3. Bg5 Bg7 4. Nbd2 0-0 5. c3 d6 6. e4 Qe8 7. Bc4 e5 8. dxe5 dxe5 9. 0-0 Nbd7 10. Re1 h6 11. Bh4 Nb6 12. Bf1 Bd7 13. Qc2 Bc6 14. Nc4 Nxc4 15. Bxc4 Nd7 16. Nd2 Nb6 17. Bf1 Qe6 18. f3 Kh7 19. Bf2 Rfd8 20. Red1 Bf6 21. a4 a5 22. b3 Be7 23. Nc4 Nxc4 24. Bxc4 Qf6 25. Rxd8 Rxd8 26. Rd1 Rxd1+ 27. Qxd1 Kg7 1/2-1/2

[Event "BCF-chT2b 1819 (4NCL)"]
[Site "England"]
[Date "2018.11.10"]
[Round "1.77"]
[White "Gregory, Andrew M"]
[Black "Freeman, Gordon"]
[Result "1-0"]
[WhiteElo "1941"]
[BlackElo "2169"]
[PlyCount "69"]
[EventDate "2018.11.10"]
[EventType "team-tourn"]
[EventRounds "11"]
[EventCountry "ENG"]
[SourceTitle "EXT 2021"]
[Source "ChessBase"]
[SourceDate "2020.10.23"]
[SourceVersion "1"]
[SourceVersionDate "2020.10.23"]
[SourceQuality "1"]
[WhiteTeam "West is Best II"]
[BlackTeam "Gonzaga"]
[WhiteTeamCountry "ENG"]
[BlackTeamCountry "ENG"]

1. d4 d5 2. Nf3 Nf6 3. e3 Bg4 4. Be2 e6 5. Ne5 Bxe2 6. Qxe2 c6 7. 0-0 Nbd7 8. f4 Be7 9. Nd2 0-0 10. a3 Ne4 11. Nxe4 dxe4 12. Bd2 a5 13. c4 f6 14. Nxd7 Qxd7 15. Bc3 b5 16. b4 a4 17. Rad1 Rab8 18. h3 f5 19. Bb2 Bf6 20. Rc1 g5 21. g3 gxf4 22. gxf4 Kf7 23. Kh2 Ke7 24. cxb5 cxb5 25. Rc5 Rfc8 26. Rd1 Kf8 27. d5 Be7 28. d6 Rxc5 29. dxe7+ Qxe7 30. bxc5 Qxc5 31. Rc1 Qa7 32. Be5 Qf7 33. Qc2 Qh5 34. Qc5+ Kg8 35. Rg1+ 1-0

[Event "Dublin Gonzaga Masters"]
[Site "Dublin"]
[Date "2018.01.27"]
[Round "2"]
[White "Freeman, Gordon"]
[Black "Fodor, Tamas Jr"]
[Result "0-1"]
[WhiteElo "2156"]
[BlackElo "2493"]
[PlyCount "118"]
[EventDate "2018.01.26"]
[EventType "swiss"]
[EventRounds "5"]
[EventCountry "IRL"]
[SourceTitle "CBM 182 Extra"]
[Source "ChessBase"]
[SourceDate "2018.02.23"]
[SourceVersion "1"]
[SourceVersionDate "2018.02.23"]
[SourceQuality "1"]

1. d4 e6 2. Nf3 b6 3. g3 Bb7 4. Bg2 f5 5. 0-0 Nf6 6. c4 Be7 7. Nc3 0-0 8. d5 Na6 9. Nd4 Qc8 10. a3 Nc5 11. b4 Nce4 12. Nxe4 Nxe4 13. f3 Nd6 14. c5 bxc5 15. bxc5 Nc4 16. c6 dxc6 17. Nxe6 Rf6 18. e4 cxd5 19. exd5 Qd7 20. f4 Re8 21. Qc2 Bxd5 22. Rd1 c6 23. Qxc4 Bxc4 24. Rxd7 Rxe6 25. Bd2 Rd8 26. Rxd8+ Bxd8 27. Bf3 Bb6+ 28. Kg2 Bd5 29. Bxd5 cxd5 30. Kf3 Kf7 31. Rb1 Re4 32. Rb5 Ke6 33. Ba5 Re3+ 34. Kg2 Bd4 35. Bb4 Re2+ 36. Kh1 Bb6 37. a4 Rb2 38. a5 Bxa5 39. Rxa5 Rxb4 40. Ra6+ Rb6 41. Rxa7 d4 42. Kg2 Kd5 43. Rxg7 Rb2+ 44. Kf3 Rxh2 45. Rd7+ Kc4 46. Rc7+ Kb3 47. Rd7 Kc3 48. Rc7+ Kd2 49. Ra7 Rh1 50. Ra2+ Kc3 51. Ra3+ Kb4 52. Ra7 Kc3 53. Ra3+ Kc2 54. Ra2+ Kb3 55. Ra7 Re1 56. Rxh7 d3 57. Kf2 d2 58. Rb7+ Kc4 59. Rc7+ Kb5 0-1

[Event "EU-Cup 32nd"]
[Site "Novi Sad"]
[Date "2016.11.06"]
[Round "1.4"]
[White "Hammes, Michael"]
[Black "Freeman, Gordon"]
[Result "1-0"]
[WhiteElo "2332"]
[BlackElo "2119"]
[PlyCount "69"]
[EventDate "2016.11.06"]
[EventType "team-swiss"]
[EventRounds "7"]
[EventCountry "SRB"]
[SourceTitle "CBM 176"]
[Source "ChessBase"]
[SourceDate "2017.01.17"]
[SourceVersion "1"]
[SourceVersionDate "2017.01.17"]
[SourceQuality "1"]
[WhiteTeam "Eynatten"]
[BlackTeam "Gonzaga"]
[WhiteTeamCountry "BEL"]
[BlackTeamCountry "IRL"]

1. d4 d6 2. c4 e5 3. Nf3 e4 4. Ng5 f5 5. g3 Be7 6. h4 Nf6 7. Nc3 c6 8. Bg2 Na6 9. a3 Nc7 10. d5 0-0 11. Nh3 b5 12. cxb5 cxd5 13. Nf4 Rb8 14. 0-0 Nxb5 15. Ncxd5 Nxd5 16. Nxd5 Bf6 17. a4 Nd4 18. Be3 Nc6 19. Rc1 Ne5 20. Bxa7 Rxb2 21. Bd4 Rb8 22. Qd2 Be6 23. Nxf6+ Qxf6 24. a5 Qg6 25. Qg5 Qxg5 26. hxg5 Nc4 27. a6 Ra8 28. a7 Nd2 29. Rc7 Rf7 30. Rxf7 Kxf7 31. Rc1 Nc4 32. f3 d5 33. Rb1 Bd7 34. g4 Ke6 35. gxf5+ 1-0

[Event "EU-Cup 31st"]
[Site "Skopje"]
[Date "2015.10.20"]
[Round "3.2"]
[White "Tan, Matthew"]
[Black "Freeman, Gordon"]
[Result "1-0"]
[WhiteElo "2447"]
[BlackElo "2150"]
[PlyCount "67"]
[EventDate "2015.10.18"]
[EventType "team-swiss"]
[EventRounds "7"]
[EventCountry "MKD"]
[SourceTitle "CBM 169"]
[Source "ChessBase"]
[SourceDate "2015.11.10"]
[SourceVersion "1"]
[SourceVersionDate "2015.11.10"]
[SourceQuality "1"]
[WhiteTeam "Amaytos"]
[BlackTeam "Gonzaga"]
[WhiteTeamCountry "BEL"]
[BlackTeamCountry "IRL"]

1. e4 g6 2. d4 Bg7 3. c3 d6 4. f4 Nf6 5. Bd3 e5 6. Nf3 exd4 7. cxd4 0-0 8. 0-0 Nc6 9. Nc3 Bg4 10. Be3 Re8 11. Re1 Bxf3 12. Qxf3 Nd7 13. Qf2 Nb4 14. Bb1 c5 15. Rd1 Qa5 16. dxc5 Nxc5 17. Bd4 Bxd4 18. Qxd4 Rac8 19. a3 Nb3 20. Qxb4 Qxb4 21. axb4 Nxa1 22. Bd3 Nb3 23. Bc2 Rc4 24. Bxb3 Rxb4 25. Ba4 Rc8 26. Nd5 Rxa4 27. Ne7+ Kg7 28. Nxc8 Rxe4 29. Nxd6 Rxf4 30. Rf1 Rd4 31. Nxb7 Rb4 32. Nd6 Rxb2 33. Rxf7+ Kh6 34. Rxa7 1-0